000
00281nam a22001337a 4500
008
180306b xxu||||| |||| 00| 0 eng d
020
_a
9781259080814
041
_a
eng
080
_2
10 ed
_a
573
100
_a
3
101
_a
bio
245
_a
biology
_c
raven.j
942
_2
udc
_c
BK
999
_c
44204
_d
44204